| 000 | 00531nam a2200145Ia 4500 | ||
|---|---|---|---|
| 008 | 140724s9999 xx 000 0 und d | ||
| 050 |
_aPN 1992.95 _b.Sa243 2010 |
||
| 100 | _aSarao, Joannae. | ||
| 245 | 2 |
_aA video documentary on the life of a prospective current and retired mothers of SOS Children's Village / _cJoanne Sarao. |
|
| 260 |
_aLas PiƱas, Philippines : _bSouthville International School and Colleges, _cc2010. |
||
| 300 |
_a78 p. : _bill. ; _c28 cm. |
||
| 521 | _aMass Communication | ||
| 942 | _cTH | ||
| 999 |
_c228940 _d228940 |
||